| 000 | 00588nam a2200205 a 4500 | ||
|---|---|---|---|
| 005 | 20140310183347.0 | ||
| 008 | 070212s19uu xx 00 eng d | ||
| 020 | _a1-4129-0847-7 | ||
| 050 |
_aKD 2875 _b.Sm636 2006 |
||
| 100 | _aSmartt, Ursula | ||
| 245 | _aMedia Law for Journalist. | ||
| 260 |
_aLondon : _bSage Publications, _c2006. |
||
| 300 |
_a326 p. : _c24 cm. |
||
| 521 | _aMC | ||
| 650 |
_aPress law _xGreat Britain. |
||
| 650 |
_aJournalists _xLegal status, law, etc _xGreat Britain. |
||
| 700 | _aforeword by Sir Harold Evans | ||
| 942 |
_cBK _2lcc _kFOR |
||
| 999 |
_c21955 _d21955 |
||